01323nam a2200217 a 450000100100000000500170001000800410002704000250006808200080009310000630010124501890016426001080035330000270046104900090048895201230049795201230062095201230074395201080086695201140097499900170108800002839120210408121938.0110408s1978 dr a 000 0 spa d aDO-SdBNPbspacBNPHU axxx1 aGuzmán Fernández, Silvestre Antonio,d1911-198291712610aAntonio Guzmán :bpresidente constitucional de la República Dominicana discurso pronunciado ante la Asamblea Nacional en la Ceremonia de Toma de Posesión el 16 de agosto de 1978. aSanto Domingo :bDirección General de Información y Prensa de Presidencia de la República,c1978. a29 p. :bil. ;c11 cm. aBNPD 001054708DSaGRbGRcCTd2011-04-08iLF1l0oxxx p28391-30r2020-06-25te. 3w2020-06-25yLFDSZPréstamo en sala 001054708DSaGRbGRcCTd2011-04-08iLF1l0oxxx p28391-40r2020-06-25te. 4w2020-06-25yLFDSZPréstamo en sala 001054708DSaGRbGRcCTd2011-04-14iLF1l0oxxx p28391-50r2020-06-25te. 5w2020-06-25yLFDSZPréstamo en sala 0010718PDaPDbPDcCTd2011-04-08iLF1l0oxxx p28391-10r2020-06-25w2020-06-25yLFPDZNo se presta 0010718PDaPDbPDcCTd2011-04-08iLF1l0oxxx p28391-20r2020-06-25te. 2w2020-06-25yLFPDZNo se presta c27883d27883